00774nam a2200157Ia 4500003000900000005001700009008004100026040003100067040001300098041000800111245005900119260002300178300001700201490000900218520038900227IT-RoPAU20220918175917.0120407s9999 xx 000 0 und d aIT-RoPAUc20130405103355.0 cIT-RoPAU aita aConvegno dei formatori. bModena, 28/29 dicembre 1973. aVicenzabSSPc1974 a60 p.c24 cm aPSSP aIndice Presentazione del dossier Lettera invito dl P. provinciale Presenti al Convegno Abbreviazioni Introduzione, d. Pignotti 1. Natura del Vocazionario Minore Paolino, d. Dante 2. Catechesi Vocazionale Paolina (Religiosi: Discepoli-Sacerdoti), don Sgarbossa 3. Esperienza di preghiera , don Crespi 4. Preparazione apostolica (Istruzione, spirito e pratica), a cura di d. Gonella